Statistics for San Francisco Giants 2012 World Series Champions

Click here to take the quiz!

General Stats

  • This quiz has been taken 216 times
  • The average score is 16 of 26

Answer Stats

Hint Answer % Correct
CBuster Posey
93%
SPTim Lincecum
92%
3BPablo Sandoval
89%
SPMadison Bumgarner
89%
RFHunter Pence
88%
1BBrandon Belt
88%
SSBrandon Crawford
87%
SPMatt Cain
86%
ManagerBruce Bochy
82%
RPSergio Romo
78%
CFAngel Pagan
73%
2BMarco Scutaro
66%
LFGregor Blanco
63%
SPBarry Zito
63%
SPRyan Vogelsong
56%
CHector Sanchez
55%
RPJavier Lopez
55%
RPSantiago Casilla
53%
RPJeremy Affeldt
53%
2B,SS,3BJoaquin Arias
41%
1BAubrey Huff
40%
2B,SSRyan Theriot
32%
RPGeorge Kontos
30%
RPGuillermo Mota
17%
RPJose Mijares
11%
OFXavier Nady
6%

Score Distribution

Percentile by Number Answered

Percent of People with Each Score

Your Score History

You have not taken this quiz